Statistics for Top 100 Countries

Click here to take the quiz!

General Stats

  • This quiz has been taken 41 times
  • The average score is 69 of 100

Answer Stats

Player From The CountryAnswer% Correct
Tim HowardUSA
97%
NeymarBrazil
95%
Luka ModricCroatia
92%
Gianluigi BuffonItaly
92%
Javier HernandezMexico
92%
Sergio RamosSpain
92%
Lionel MessiArgentina
89%
James RodriguezColombia
89%
Christian EriksenDenmark
89%
Robert LewandowskiPoland
89%
Zlatan IbrahimovicSweden
89%
Luis SuarezUruguay
89%
Kevin De BruyneBelgium
87%
Alexis SanchezChile
87%
Harry KaneEngland
87%
Antoine GriezmannFrance
87%
Gylfi SigurdssonIceland
87%
Arjen RobbenNetherlands
87%
Antonio SanabriaParaguay
87%
Cristiano RonaldoPortugal
87%
Xherdan ShaqiriSwitzerland
87%
Gareth BaleWales
87%
Aaron MooyAustralia
84%
Edin DzekoBosnia And Herzegovina
84%
Mohamed SalahEgypt
84%
Manuel NeuerGermany
84%
SokratisGreece
84%
Alireza JahanbakhshIran
84%
Shinji KagawaJapan
84%
Jefferson FarfanPeru
84%
Seamus ColemanROI
84%
Arda TuranTurkey
84%
David AlabaAustria
82%
Zhang YuningChina PR
82%
Joshua KingNorway
82%
Scott BrownScotland
82%
Marek HamsikSlovakia
82%
YarmolenkoUkraine
82%
Ivelin PopovBulgaria
79%
Scott ArfieldCanada
79%
Petr CechCzech Republic
79%
Antonio ValenciaEcuador
79%
Nemanja NikolicHungary
79%
Victor MosesNigeria
79%
Stefan RaduRomania
79%
Branislav IvanovicSerbia
79%
Riyad MahrezAlgeria
76%
Medhi BenatiaMorocco
76%
Alexandr KokorinRussia
76%
Salomon RondonVenezuela
76%
Keylor NavasCosta Rica
74%
Jari LitmanenFinland
74%
Jeje LalpekhluaIndia
74%
Justin MeramIraq
74%
Beram KayalIsrael
74%
Sadio ManeSenegal
74%
Jan OblakSlovenia
74%
Siphiwe TshabalalaSouth Africa
74%
Aymen AbdennourTunisia
74%
Joel MatipCameroon
71%
Nawaf Al AbedSaudi Arabia
71%
Yaya ToureCote d'Ivoire
68%
Stefan RistovskiFYR Macedonia
68%
Christian AtsuGhana
68%
Emilio IzaguirreHonduras
68%
Wes MorganJamaica
68%
Ronald RaldesBolivia
66%
Stevan JoveticMontenegro
66%
Will GriggNorthern Ireland
66%
Gabriel TorresPanama
66%
Omar Al SomaSyria
66%
Henrik MkhitaryanArmenia
63%
Renan BressanBelarus
63%
Christopher SambaCongo
63%
Elseid HysajAlbania
58%
Moussa MaregaMali
58%
Konstantinos LaifisCyprus
55%
Pierre-Emerick AubameyangGabon
55%
Naby KeitaGuinea
53%
Carlos EmbaloGuinea-Bissau
53%
Ahmad BenaliLibya
53%
Stephane SessegnonBenin
50%
Ragnar KlavanEstonia
50%
Darwin CerenEl Salvador
47%
Romain GenevoisHaiti
47%
Bassel JradiLebanon
47%
Maxime ChanotLuxembourg
47%
Kei KamaraSierra Leone
47%
Chisamba LunguZambia
47%
Bertrand TraoreBurkina Faso
42%
Micheal AziraUganda
39%
Vitaliy DenisovUzbekistan
39%
Kevin MolinoTrinidad And Tobago
24%
Hallur HanssonFaroe Islands
16%
Heung Min SonKorea Republic
13%
Leandro BacunaCuracao
11%
Yannick BolasieDR Congo
11%
Carlos SalomPalestine
11%
Omar AbdulrahmanUnited Arab Emirates
11%
DjaninyCape Verde Islands
0%

Score Distribution

Percentile by Number Answered

Percent of People with Each Score

Your Score History

You have not taken this quiz